Statistics for Premier League Top Scorers

Click here to take the quiz!

General Stats

  • This quiz has been taken 18 times
  • The average score is 13 of 20

Answer Stats

HintAnswer% Correct
1 (260)Alan Shearer
100%
4 (177)Frank Lampard
88%
5 (175)Thierry Henry
88%
3 (187)Andrew Cole
81%
6 (168)Sergio Aguero
81%
2 (208)Wayne Rooney
81%
13 (127)Harry Kane
75%
18 (120)Steven Gerrard
75%
11 (146)Teddy Sheringham
75%
9 (150)Michael Owen
69%
12 (144)Robin Van Persie
69%
19 (113)Romelu Lukaku
69%
17 (123)Dwight Yorke
56%
7 (163)Robbie Fowler
56%
8 (162)Jermain Defoe
50%
10 (149)Les Ferdinand
50%
13 (127)Jimmy Floyd Hasselbaink
44%
19 (113)Ian Wright
38%
16 (125)Nicolas Anelka
38%
15 (126)Robbie Keane
38%

Score Distribution

Percentile by Number Answered

Percent of People with Each Score

Your Score History

You have not taken this quiz